000 00673nam a2200229 i 4500
001 8243
003 ES-MaACL
005 20240515063018.0
007 t|
008 920424s1990 sp ||||1| spa d
020 _a84-397-1672-9
080 _a86-34"19"
080 _a86(Ayala,F.7 J.01)
100 1 _aAyala, Francisco,
_d1906-2009
_924111
245 1 3 _aEl Jardín de las delicias /
_cFrancisco Ayala.
260 _aMadrid :
_bMondadori España,
_cD.L.1990.
300 _a247 p., [32] p. de lám. ;
_c22 cm.
490 1 _aNarrativa Mondadori
830 0 _aNarrativa Mondadori
_9178089
852 _aES-MaACL
_jL-15704
_bR.120043
999 _c8243
_d8243